000 00405nam a2200145Ia 4500
008 220217s9999||||xx |||||||||||||| ||und||
020 _a81-203-2880-8
082 _a658.403 8 BAB
100 _aBabcock, Daniel, L & Morse, Lucy, C
245 0 _aManaging engineering and technology
250 _a3rd
260 _aPrentice hall of india
_bNew Delhi
_c2007
300 _b250
650 _aMANAGEMENT
999 _c175859
_d175859